Statistiques concernant Pokémon commençant par Z

Cliquez ici pour prendre le quiz!

Statistiques générales

  • Ce quiz a été pris 1 354 fois
    (147 depuis la dernière actualisation)
  • Le résultat moyen est 9 sur 14

Statistiques - réponses

Réponse% Correct
718Zygarde
84%
201Zarbi
77%
522Zébibron
74%
523Zéblitz
71%
571Zoroark
71%
889Zamazenta
66%
570Zorua
66%
888Zacian
65%
263Zigzaton
64%
644Zekrom
62%
807Zeraora
61%
893Zarude
57%
793Zéroïd
45%
940Zapétrel
35%

Distribution des résultats

Percentile par nombre de réponses

% des personnes avec chaque résultat

Votre développement - résultats

Vous n’avez pas pris ce quiz depuis la dernière actualisation